000 00918nam2a22002531 4500
001 RU\NLR\INFOCOMM15\5000212609
005 20250617113632.0
035 _a(NLR Aleph) 002577262
090 _a3243222
_c3243222
100 _a20041020d1966 |||y0rusy50 ca
101 0 _arus
_aeng
102 _aRU
105 _ay ||||000|y
200 1 _aИсследование диффузии продуктов ядерных реакций в металлах и окислах
_fБ. Амов и др.
_gЛаборатория ядерных реакций
210 _d1966
_aБ. м.
461 0 _1001RU\NLR\INFOCOMM15\1000176112
_12001#$aИздания$fОбъедин. ин-т ядерных исследований$vР13-3019
700 1 _aАмов
_bБ.
_4070
801 1 _aRU
_bInfoComm
_c20041110
801 0 _aRU
_bNLR
_gPSBO
852 _aNLR
_jП11/2061
942 _cISSUE
980 _aNB
980 _aRUSPER